| 000 | 00795nam a2200193 i 4500 | ||
|---|---|---|---|
| 001 | 23716 | ||
| 003 | ES-MaACL | ||
| 005 | 20250925163309.0 | ||
| 007 | t| | ||
| 008 | 021212s1903 sp ||||1| spa d | ||
| 110 | 2 |
_aCámara Oficial de Comercio, Industria y Navegación de Barcelona. _92390 |
|
| 245 | 1 | 0 |
_aMemoria de los trabajos realizados durante el año 1902 presentada por la Junta Directiva a la Asamblea General Ordinaria celebrada el día 10 de enero de 1903 / _c[Bartolomé Amengual]. |
| 260 |
_aBarcelona : _b[s.n.], _c1903 ( _fHenrich y Cª) |
||
| 300 |
_a29 p. ; _c27 cm. |
||
| 610 | 2 | 4 |
_aCámara Oficial de Comercio y Navegación de Barcelona- _vMemorias. _9170329 |
| 700 | 1 |
_aAmengual, Bartolomé, _d1866-1961 _921197 |
|
| 852 |
_aES-MaACL _jT-1024-F-8 |
||
| 999 |
_c23716 _d23716 |
||